Dave Matthews Songs - Statistics

General Stats
  • This quiz has been taken 249 times
  • The average score is 6 of 15
Answer Stats
Hint Answer % Correct
Life is short but sweet for certain Two Step
77%
How she wishes it was different Grey Street
72%
It was so hot outside you could fry an egg Stay
58%
If I've gone overboard then I'm betting you to forgive me Crash into Me
54%
Sweet sister of mine, please don't regret me if I go Bartender
53%
Stella said, "Daddy when you gonna put me in a song" Alligator Pie
45%
Rest high above the clouds no restriction Satellite
45%
Seeing things from a better side that most can dream Best of What's Around
36%
Everybody get together, gonna make love shine Shake Me Like a Monkey
36%
Brother, Sister go dancing through my head Cry Freedom
35%
Tequila drinking, oh our minds will wander to wonderous places Trippin Billies
34%
I was just wondering if you'd come along The Stone
32%
Out on my window ledge I don't feel safe Out of my Hands
18%
Every day should be a good day to die You Never Know
17%
The season sparing, we're all drifting away What You Are
9%
No matching quizzes found
Score Distribution
Percent of People with Each Score
Percentile by Number Answered
Your Score History
You have not taken this quiz